00730nam a2200193 i 450000100060000000300090000600500170001500700030003200800410003510000310007624501120010726000360021930000300025570000440028570000360032985200320036599900170039795201220041487549ES-MaACL20250825064037.0t|041222s1969 sp ||||1| spa d1 aLabarta, Francisco.96921610aLata / c[seud.] ; prólogo de Cesáreo Rodríguez Aguilera ; traducción y notas de José Mª Cadena. a[Barcelona] : bTaber, c[1969] a219 p. : bil. ; c28 cm.1 aRodríguez Aguilera, Cesáreo.9983201 aCadena, Josep M.d1935-9143876 aES-MaACLjC-37488 bR.72308 c87549d87549 00104070aATENEOMbATENEOMcDEPO2d2008-01-17eSCl0oC-37488p1091465r2023-02-23 00:00:00w2023-02-23yMONOGRAFIA